Normal view
MARC view
Entry Topical Term
001 - CONTROL NUMBER
- control field: 31109
003 - CONTROL NUMBER IDENTIFIER
- control field: ARRUPE
005 - DATE AND TIME OF LATEST TRANSACTION
- control field: 20170529083430.0
008 - FIXED-LENGTH DATA ELEMENTS
- fixed length control field: 170529|| aca||aabn | a|a d
040 ## - CATALOGING SOURCE
- Original cataloging agency: ARRUPE
- Transcribing agency: ARRUPE
150 ## - HEADING--TOPICAL TERM
- Topical term or geographic name as entry element: Law
- General subdivision: Dinka
670 ## - SOURCE DATA FOUND
- Source citation: Work cat.: (ARRUPE)3847: Makec, Wuol John 31107, The customary law of the Dinka people of Sudan, 1988